| 000 | 00862nam a2200265Ia 4500 | ||
|---|---|---|---|
| 005 | 20220317001147.0 | ||
| 008 | 160825s2005 sp a g 000 0 spa | ||
| 020 | _a8478272177 | ||
| 082 | 0 | 4 |
_a790.1922 _bG83j |
| 100 | 1 | _aGuitart Aced, Rosa | |
| 245 | 1 | 0 |
_aJugar y divertirse sin excluir _brecopilación de juegos no competitivos _cRosa Guitart Aced |
| 250 | _a3a. edición | ||
| 300 |
_a93 páginas _bilustraciones, cuadros _c23 cm |
||
| 504 | _aIncluye bibliografía | ||
| 650 | 1 | 4 |
_2LEMB _aJuegos educativos |
| 650 | 1 | 4 |
_2LEMB _aJuegos infantiles |
| 650 | 1 | 4 |
_2LEMB _aSocialización |
| 650 | 1 | 4 |
_2LEMB _aRecreación |
| 942 |
_2ddc _cBK |
||
| 264 |
_aBarcelona _bEditorial Graó _c2005 |
||
| 336 |
_atexto _btxt _2rdacontent |
||
| 337 |
_asin mediación _bn _2rdamedia |
||
| 338 |
_avolumen _bnc _2rdacarrier |
||
| 040 |
_aCO-BoRNBP _bspa _erda _cCO-BoRNBP |
||
| 999 |
_c6107 _d6107 |
||